000 01807nam0a2200409 4500
001 RU\NLR\bibl\1700713
005 20260409072029.0
010 _a978-5-7995-0531-8
_9200
021 _aRU
_b2010-78853
_95257
035 _a(nilc)RSL-KNO-004746425
035 _a(NLR Aleph) 001691793
090 _a1165424
_c1165424
100 _a20101018d2010 |||y0rusy50 ca
101 0 _arus
102 _aRU
105 _ay zzzz|||||
200 1 _aРесурсосберегающие нанотехнологии на предприятиях технического сервиса
_eмонография
_fЛ. В. Козырева
_gФедеральное агентство по образованию, Тверской гос. технический ун-т
205 _aИзд. 1-е
210 _aТверь
_cТГТУ
_d2010
215 _a187 с.
_cил., табл.
_d21
313 _aнанопокрытия и изгот. деталей машин
320 _aБиблиогр.: с. 179-185
606 _aНанотехнологии
_3RU\NLR\auth\66830353
_91835426
606 1 _aНанокомпозиционные материалы полимерные
_92495800
_3RU\NLR\auth\661480567
606 1 _aДетали машин из композитных полимерных материалов
_91030248
_3RU\NLR\auth\66395013
606 1 _aЗащитные покрытия нанокристаллические
_92623605
_3RU\NLR\auth\661560165
686 _aЖ6,0
_2rubbk
686 _aЖ830.5,0
_2rubbk
686 _aЛ719.9
686 _aЗ844.1
686 _aЖ6
700 1 _aКозырева
_bЛ. В.
_gЛариса Викторовна
_4070
801 0 _aRU
_bРГБ
_c20101018
_grcr
801 1 _aRU
_bРГБ
_c20101018
801 2 _aRU
_bNLR
_c20101116
_grcr
942 _cBOOK
980 _aNB